000 00405nam a2200181Ia 4500
001 15185
005 20260306165009.0
008 260306t1999||||xx |||||||||||||| ||spa||
041 _aESP
082 _a530
_bS731 V. 2 1999
100 _aSears, Francis W.
_eAUT
245 0 _aFĂ­sica universitaria
260 _c1999
300 _a
_c
650 _aGEN
654 _aCCN
942 _cLIB
_dJUS
_fJUS
_2ddc
_n
999 _c15185
_d15185